<?xml version="1.0" encoding="UTF-8"?>
<record
    xmlns:xsi="http://www.w3.org/2001/XMLSchema-instance"
    xsi:schemaLocation="http://www.loc.gov/MARC21/slim http://www.loc.gov/standards/marcxml/schema/MARC21slim.xsd"
    xmlns="http://www.loc.gov/MARC21/slim">

  <leader>00550nam a2200181Ia 4500</leader>
  <controlfield tag="008">230711s9999||||xx |||||||||||||| ||und||</controlfield>
  <datafield tag="020" ind1=" " ind2=" ">
    <subfield code="a">978-0-07-047268-6</subfield>
  </datafield>
  <datafield tag="041" ind1=" " ind2=" ">
    <subfield code="a">ENG</subfield>
  </datafield>
  <datafield tag="082" ind1=" " ind2=" ">
    <subfield code="a">5.43</subfield>
    <subfield code="b">SI-A</subfield>
  </datafield>
  <datafield tag="100" ind1=" " ind2=" ">
    <subfield code="a">Singhal,Mukesh</subfield>
  </datafield>
  <datafield tag="245" ind1=" " ind2="0">
    <subfield code="a">Advanced Concepts in Operating System : Distributed,Database, and Multiprocessor Operating System</subfield>
  </datafield>
  <datafield tag="250" ind1=" " ind2=" ">
    <subfield code="a">1st Ed.</subfield>
  </datafield>
  <datafield tag="260" ind1=" " ind2=" ">
    <subfield code="c">2017</subfield>
    <subfield code="a">New Delhi</subfield>
    <subfield code="b">McGraw Hill Education(India) Private Limited</subfield>
  </datafield>
  <datafield tag="300" ind1=" " ind2=" ">
    <subfield code="a">522p.</subfield>
  </datafield>
  <datafield tag="650" ind1=" " ind2=" ">
    <subfield code="a">Computer Engineering</subfield>
  </datafield>
  <datafield tag="700" ind1=" " ind2=" ">
    <subfield code="a">Shivaratri,Niranjan G</subfield>
  </datafield>
  <datafield tag="942" ind1=" " ind2=" ">
    <subfield code="c">BK</subfield>
  </datafield>
  <datafield tag="952" ind1=" " ind2=" ">
    <subfield code="0">0</subfield>
    <subfield code="1">0</subfield>
    <subfield code="4">0</subfield>
    <subfield code="7">0</subfield>
    <subfield code="8">C</subfield>
    <subfield code="a">MCL</subfield>
    <subfield code="b">MCL</subfield>
    <subfield code="d">2043-08-01</subfield>
    <subfield code="e">Krishna Book Distributors</subfield>
    <subfield code="g">710.00</subfield>
    <subfield code="i">KBD/2017-2018/1021443059</subfield>
    <subfield code="l">0</subfield>
    <subfield code="o">5.43 SI-A</subfield>
    <subfield code="p">38967</subfield>
    <subfield code="r">2023-08-17 14:05:42</subfield>
    <subfield code="w">2023-08-17</subfield>
    <subfield code="y">BK</subfield>
  </datafield>
  <datafield tag="952" ind1=" " ind2=" ">
    <subfield code="0">0</subfield>
    <subfield code="1">0</subfield>
    <subfield code="4">0</subfield>
    <subfield code="7">0</subfield>
    <subfield code="8">C</subfield>
    <subfield code="a">MCL</subfield>
    <subfield code="b">MCL</subfield>
    <subfield code="d">2043-08-01</subfield>
    <subfield code="e">Krishna Book Distributors</subfield>
    <subfield code="g">710.00</subfield>
    <subfield code="i">KBD/2017-2018/1021443059</subfield>
    <subfield code="l">0</subfield>
    <subfield code="o">5.43 SI-A</subfield>
    <subfield code="p">38968</subfield>
    <subfield code="r">2023-08-17 14:59:02</subfield>
    <subfield code="w">2023-08-17</subfield>
    <subfield code="y">BK</subfield>
  </datafield>
  <datafield tag="952" ind1=" " ind2=" ">
    <subfield code="0">0</subfield>
    <subfield code="1">0</subfield>
    <subfield code="4">0</subfield>
    <subfield code="7">0</subfield>
    <subfield code="8">C</subfield>
    <subfield code="a">MCL</subfield>
    <subfield code="b">MCL</subfield>
    <subfield code="d">2043-08-01</subfield>
    <subfield code="e">Krishna Book Distributors</subfield>
    <subfield code="g">710.00</subfield>
    <subfield code="i">KBD/2017-2018/1021443059</subfield>
    <subfield code="l">0</subfield>
    <subfield code="o">5.43 SI-A</subfield>
    <subfield code="p">38969</subfield>
    <subfield code="r">2023-08-17 14:59:02</subfield>
    <subfield code="w">2023-08-17</subfield>
    <subfield code="y">BK</subfield>
  </datafield>
  <datafield tag="952" ind1=" " ind2=" ">
    <subfield code="0">0</subfield>
    <subfield code="1">0</subfield>
    <subfield code="4">0</subfield>
    <subfield code="7">0</subfield>
    <subfield code="8">C</subfield>
    <subfield code="a">MCL</subfield>
    <subfield code="b">MCL</subfield>
    <subfield code="d">2043-08-01</subfield>
    <subfield code="e">Krishna Book Distributors</subfield>
    <subfield code="g">710.00</subfield>
    <subfield code="i">KBD/2017-2018/1021443059</subfield>
    <subfield code="l">0</subfield>
    <subfield code="o">5.43 SI-A</subfield>
    <subfield code="p">38970</subfield>
    <subfield code="r">2023-08-17 14:59:02</subfield>
    <subfield code="w">2023-08-17</subfield>
    <subfield code="y">BK</subfield>
  </datafield>
  <datafield tag="952" ind1=" " ind2=" ">
    <subfield code="0">0</subfield>
    <subfield code="1">0</subfield>
    <subfield code="4">0</subfield>
    <subfield code="7">0</subfield>
    <subfield code="8">C</subfield>
    <subfield code="a">MCL</subfield>
    <subfield code="b">MCL</subfield>
    <subfield code="d">2043-08-01</subfield>
    <subfield code="e">Krishna Book Distributors</subfield>
    <subfield code="g">710.00</subfield>
    <subfield code="i">KBD/2017-2018/1021443059</subfield>
    <subfield code="l">0</subfield>
    <subfield code="o">5.43 SI-A</subfield>
    <subfield code="p">38971</subfield>
    <subfield code="r">2023-08-17 14:59:02</subfield>
    <subfield code="w">2023-08-17</subfield>
    <subfield code="y">BK</subfield>
  </datafield>
  <datafield tag="952" ind1=" " ind2=" ">
    <subfield code="0">0</subfield>
    <subfield code="1">0</subfield>
    <subfield code="4">0</subfield>
    <subfield code="7">0</subfield>
    <subfield code="8">C</subfield>
    <subfield code="a">MCL</subfield>
    <subfield code="b">MCL</subfield>
    <subfield code="d">2043-08-01</subfield>
    <subfield code="e">Krishna Book Distributors</subfield>
    <subfield code="g">710.00</subfield>
    <subfield code="i">KBD/2017-2018/1021443059</subfield>
    <subfield code="l">0</subfield>
    <subfield code="o">5.43 SI-A</subfield>
    <subfield code="p">38972</subfield>
    <subfield code="r">2023-08-17 14:59:02</subfield>
    <subfield code="w">2023-08-17</subfield>
    <subfield code="y">BK</subfield>
  </datafield>
  <datafield tag="952" ind1=" " ind2=" ">
    <subfield code="0">0</subfield>
    <subfield code="1">0</subfield>
    <subfield code="4">0</subfield>
    <subfield code="7">0</subfield>
    <subfield code="8">C</subfield>
    <subfield code="a">MCL</subfield>
    <subfield code="b">MCL</subfield>
    <subfield code="d">2043-08-01</subfield>
    <subfield code="e">Krishna Book Distributors</subfield>
    <subfield code="g">710.00</subfield>
    <subfield code="i">KBD/2017-2018/1021443059</subfield>
    <subfield code="l">0</subfield>
    <subfield code="o">5.43 SI-A</subfield>
    <subfield code="p">38973</subfield>
    <subfield code="r">2023-08-17 14:59:02</subfield>
    <subfield code="w">2023-08-17</subfield>
    <subfield code="y">BK</subfield>
  </datafield>
  <datafield tag="952" ind1=" " ind2=" ">
    <subfield code="0">0</subfield>
    <subfield code="1">0</subfield>
    <subfield code="4">0</subfield>
    <subfield code="7">0</subfield>
    <subfield code="8">C</subfield>
    <subfield code="a">MCL</subfield>
    <subfield code="b">MCL</subfield>
    <subfield code="d">2043-08-01</subfield>
    <subfield code="e">Krishna Book Distributors</subfield>
    <subfield code="g">710.00</subfield>
    <subfield code="i">KBD/2017-2018/1021443059</subfield>
    <subfield code="l">0</subfield>
    <subfield code="o">5.43 SI-A</subfield>
    <subfield code="p">38974</subfield>
    <subfield code="r">2023-08-17 14:59:02</subfield>
    <subfield code="w">2023-08-17</subfield>
    <subfield code="y">BK</subfield>
  </datafield>
  <datafield tag="952" ind1=" " ind2=" ">
    <subfield code="0">0</subfield>
    <subfield code="1">0</subfield>
    <subfield code="4">0</subfield>
    <subfield code="7">0</subfield>
    <subfield code="8">C</subfield>
    <subfield code="a">MCL</subfield>
    <subfield code="b">MCL</subfield>
    <subfield code="d">2043-08-01</subfield>
    <subfield code="e">Krishna Book Distributors</subfield>
    <subfield code="g">710.00</subfield>
    <subfield code="i">KBD/2017-2018/1021443059</subfield>
    <subfield code="l">0</subfield>
    <subfield code="o">5.43 SI-A</subfield>
    <subfield code="p">38975</subfield>
    <subfield code="r">2023-08-17 14:59:02</subfield>
    <subfield code="w">2023-08-17</subfield>
    <subfield code="y">BK</subfield>
  </datafield>
  <datafield tag="952" ind1=" " ind2=" ">
    <subfield code="0">0</subfield>
    <subfield code="1">0</subfield>
    <subfield code="4">0</subfield>
    <subfield code="7">0</subfield>
    <subfield code="8">C</subfield>
    <subfield code="a">MCL</subfield>
    <subfield code="b">MCL</subfield>
    <subfield code="d">2043-08-01</subfield>
    <subfield code="e">Krishna Book Distributors</subfield>
    <subfield code="g">710.00</subfield>
    <subfield code="i">KBD/2017-2018/1021443059</subfield>
    <subfield code="l">0</subfield>
    <subfield code="o">5.43 SI-A</subfield>
    <subfield code="p">38976</subfield>
    <subfield code="r">2023-08-17 14:59:02</subfield>
    <subfield code="w">2023-08-17</subfield>
    <subfield code="y">BK</subfield>
  </datafield>
  <datafield tag="999" ind1=" " ind2=" ">
    <subfield code="c">6564</subfield>
    <subfield code="d">6564</subfield>
  </datafield>
</record>
